[Event "AUTO-ADV-4797"]
[Site "http://www.queenalice.com/game.php?id=1839676"]
[Date "2024.7.4"]
[Round "1"]
[White "maurice916"]
[Black "marcoswerneck"]
[Result "1/2-1/2"]
[WhiteElo "1862"]
[BlackElo "1922"]

1. Nf3 d6 2. b3 e5 3. Bb2 Be6 4. d4 Bd5 5. dxe5 Qe7 6. exd6 Qxd6 7. c4 Bxf3 8.
Qxd6 cxd6 9. exf3 Nd7 10. Nd2 Ngf6 11. Bd3 Be7 12. O-O O-O 13. Ne4 h6 14. Rfd1
Ne5 15. Bf1 Rfd8 16. Rd2 Nxe4 17. fxe4 Bg5 18. Rd5 Bf6 19. Rad1 Nf3+ 20. gxf3
Bxb2 21. Rxd6 Rxd6 22. Rxd6 Be5 23. Rd7 b6 24. Rd5 Bf4 25. Bh3 Rb8 26. a4 g5 27.
Rd7 a5 28. Bg4 Kg7 29. Bh5 Rf8 30. Rd5 Kf6 31. Rf5+ Ke7 32. h3 Bd6 33. Kg2 f6
34. Rd5 Rd8 35. Bg6 Ke6 36. Bf5+ Ke7 37. Bg6 1/2-1/2

[Event "AUTO-ADV-4804"]
[Site "http://www.queenalice.com/game.php?id=1841845"]
[Date "2024.8.14"]
[Round "1"]
[White "Capixaba789"]
[Black "marcoswerneck"]
[Result "1-0"]
[WhiteElo "1866"]
[BlackElo "1941"]

1. e4 e5 2. d4 d6 3. Bc4 h6 4. dxe5 Qe7 5. Nf3 Be6 6. exd6 Qxd6 7. Bd3 Be7 8.
O-O Nc6 9. Nc3 g5 10. Re1 g4 11. e5 Qd7 12. Nd2 O-O-O 13. Nde4 h5 14. Bf4 h4 15.
Qe2 g3 16. fxg3 hxg3 17. Bxg3 Nh6 18. a4 Ng4 19. Bb5 Bh4 20. Rad1 Qe8 21. Bxc6
Qxc6 22. Rxd8+ Kxd8 23. Qb5 Bxg3 24. Nxg3 Kc8 25. Qxc6 bxc6 26. h3 Nh6 27. Nge4
Nf5 28. Ne2 Ne7 29. Nc5 Rh5 30. Nxe6 fxe6 31. Nf4 Rh4 32. Rf1 Kd7 33. b3 c5 34.
Rd1+ Nd5 35. Nxd5 exd5 36. Rxd5+ Ke6 37. Rxc5 Rh7 38. Kh2 Rd7 39. h4 Rf7 40. Kh3
Rd7 41. h5 Kf5 42. Kh4 Rd4+ 43. Kh3 Rd7 44. g4+ Ke6 45. Kh4 1-0

[Event "AUTO-ADV-4804"]
[Site "http://www.queenalice.com/game.php?id=1841846"]
[Date "2024.8.14"]
[Round "1"]
[White "marcoswerneck"]
[Black "Capixaba789"]
[Result "1-0"]
[WhiteElo "1928"]
[BlackElo "1859"]

1. e4 e5 2. d3 d5 3. Be2 dxe4 4. dxe4 Bd7 5. Nf3 Bd6 6. a3 Nf6 7. Bg5 h6 8. Bxf6
Qxf6 9. Nc3 Nc6 10. Qd2 O-O 11. g4 Bxg4 12. Nd5 Qg6 13. O-O-O Qxe4 14. Qe3 Qa4
15. Nc3 Qa5 16. Rhg1 Bf5 17. Qxh6 Bg6 18. Qe3 Nd4 19. Bd3 Bxd3 20. Rxd3 f5 21.
Qh6 Rf7 22. Nxd4 exd4 23. Rdg3 Be5 24. f4 Bf6 25. Na2 d3 26. Rxd3 Qb5 27. Nc3
Qe8 28. Qg6 Qe7 29. Nd5 Qf8 30. Rdg3 Qd6 31. Nxf6+ Qxf6 32. Qxf6 Rxf6 33. Rxg7+
Kh8 34. Rxc7 b6 35. Rg5 Rff8 36. Rc6 Rf7 37. Rh6+ Rh7 38. Rxh7+ Kxh7 39. Rxf5 a5
40. h4 1-0

[Event "AUTO-ADV-4804"]
[Site "http://www.queenalice.com/game.php?id=1841861"]
[Date "2024.8.14"]
[Round "1"]
[White "ThiagoBrumN"]
[Black "marcoswerneck"]
[Result "1/2-1/2"]
[WhiteElo "1698"]
[BlackElo "1950"]

1. e4 e5 2. Nf3 d6 3. Bc4 h6 4. Nc3 a6 5. O-O Nf6 6. d4 Qe7 7. Be3 Be6 8. dxe5
dxe5 9. Be2 Bd7 10. Re1 Nc6 11. h3 g5 12. Nxg5 hxg5 13. Bxg5 O-O-O 14. a3 Bxh3
15. Nd5 Qe6 16. Bxf6 Rg8 17. Bf3 Bxg2 18. Bxg2 Qh3 19. Kf1 Qxg2+ 20. Ke2 Nd4+
21. Kd3 Qxf2 22. Bxd8 Rg3+ 23. Re3 Rxe3+ 24. Nxe3 Kxd8 25. c3 Bh6 26. cxd4 Qxe3+
27. Kc2 Qxe4+ 28. Kb3 Qd5+ 29. Kc2 Qe4+ 30. Kb3 Qxd4 31. Qh5 Qd5+ 32. Kc2 Qe4+
33. Kb3 Qd3+ 34. Ka2 Qc4+ 35. Kb1 Bf4 36. Qd1+ Kc8 37. a4 Kb8 38. Ra3 a5 39. Rc3
Qe4+ 40. Ka1 Bg5 41. Qg1 f6 42. Rh3 b6 43. Qf1 Qxa4+ 44. Kb1 Qe4+ 45. Ka1 Kb7
46. Rc3 f5 47. Qb5 c6 48. Qb3 Qd5 49. Qc2 e4 50. Qh2 f4 51. Qh7+ Ka6 52. Qg6 e3
53. Rxc6 Qb5 54. Qe8 Bd8 55. Qd7 Qa4+ 56. Kb1 Qe4+ 57. Ka2 e2 58. Rc1 e1=Q 59.
Qc8+ Ka7 60. Qd7+ Ka6 61. Qc8+ Ka7 62. Qd7+ Ka6 1/2-1/2

[Event "AUTO-ADV-4804"]
[Site "http://www.queenalice.com/game.php?id=1841862"]
[Date "2024.8.14"]
[Round "1"]
[White "marcoswerneck"]
[Black "ThiagoBrumN"]
[Result "1-0"]
[WhiteElo "1943"]
[BlackElo "1707"]

1. e4 d5 2. e5 c5 3. d4 Nc6 4. c3 Bf5 5. Bd3 Bxd3 6. Qxd3 c4 7. Qg3 e6 8. Nf3 h6
9. Be3 Qb6 10. Bc1 Nge7 11. O-O Ng6 12. Nbd2 O-O-O 13. b4 Be7 14. a4 Qc7 15. a5
a6 16. Nb1 Kb8 17. Na3 h5 18. b5 Nxa5 19. bxa6 h4 20. a7+ Ka8 21. Qg4 Nb3 22.
Rb1 Rdg8 23. h3 Nf8 24. Nd2 g5 25. Nb5 Qc8 26. Nxb3 Ng6 27. Nd6 Bxd6 28. exd6
Qd7 29. Ba3 Nf4 30. Bc5 f5 31. Qd1 g4 32. Na5 gxh3 33. Rxb7 Qe8 34. Rb8+ Qxb8
35. axb8=Q+ Rxb8 36. Qa1 Ne2+ 37. Kh2 Rh7 38. Nc6+ Kb7 39. Qa6+ Kxa6 40. Nxb8+
Kb7 41. Rb1+ Kc8 42. d7+ Kd8 43. Bb6+ Ke7 44. d8=Q+ Kf7 45. Kxh3 Rg7 46. Qxh4
Rg4 47. Qh7+ Rg7 48. Qh5+ Kg8 49. Qxe2 Rh7+ 50. Kg3 Rg7+ 51. Kh2 Rh7+ 52. Kg1
Rb7 53. Qxe6+ Rf7 54. Qxd5 Kg7 55. Qxc4 Kf8 56. Qe6 Re7 57. Bc5 f4 58. Qxe7+ Kg8
59. Rb7 Kh8 60. Qh7# 1-0

[Event "AUTO-ADV-4804"]
[Site "http://www.queenalice.com/game.php?id=1841871"]
[Date "2024.8.14"]
[Round "1"]
[White "askasl159"]
[Black "marcoswerneck"]
[Result "0-1"]
[WhiteElo "1744"]
[BlackElo "1929"]

1. e4 e5 2. f4 d6 3. Nf3 h6 4. h3 Be7 5. Bc4 Bh4+ 6. Ke2 exf4 7. d4 Be7 8. Bxf4
Nf6 9. Nc3 d5 10. Bxd5 c6 11. Bc4 b5 12. Bb3 b4 13. e5 Ba6+ 14. Kf2 bxc3 15.
exf6 Bxf6 16. Re1+ Be7 17. bxc3 O-O 18. c4 Bf6 19. Be5 Bxe5 20. Nxe5 Qh4+ 21.
Kg1 Bc8 22. Re3 Qg5 23. c5 Qxe3+ 24. Kh1 Qe4 25. Qd3 Qxd3 26. Nxd3 Bd7 27. Ne5
Be6 28. Re1 Bxb3 29. cxb3 f6 30. Nc4 Na6 31. Nd6 Nb4 32. a3 Nc2 33. Rd1 Nxa3 34.
Ra1 Nb5 35. Ra4 Nxd6 36. cxd6 Rfd8 0-1

[Event "AUTO-ADV-4804"]
[Site "http://www.queenalice.com/game.php?id=1841872"]
[Date "2024.8.14"]
[Round "1"]
[White "marcoswerneck"]
[Black "askasl159"]
[Result "1-0"]
[WhiteElo "1922"]
[BlackElo "1693"]

1. e4 e5 2. d3 Nf6 3. h3 Bc5 4. a3 h6 5. Nc3 c6 6. Qe2 O-O 7. Be3 Na6 8. g4 d5
9. exd5 cxd5 10. Bd2 Re8 11. O-O-O d4 12. Ne4 b5 13. Nxc5 Nxc5 14. g5 hxg5 15.
Bxg5 Bf5 16. Bg2 Rc8 17. Bxf6 Qxf6 18. Nf3 Re7 19. h4 Qc6 20. Kb1 Nd7 21. Rc1
Nf6 22. Rh2 Bg4 23. h5 Bxh5 24. Rh3 Bxf3 25. Bxf3 Qe6 26. Rch1 g6 27. Qd2 1-0

[Event "AUTO-ADV-4788"]
[Site "http://www.queenalice.com/game.php?id=1842757"]
[Date "2024.8.30"]
[Round "2"]
[White "Capixabba789"]
[Black "marcoswerneck"]
[Result "0-1"]
[WhiteElo "1964"]
[BlackElo "1925"]

1. e4 e5 2. d4 d6 3. Bc4 Nf6 4. Nf3 Be7 5. Ng5 O-O 6. d5 a6 7. Bd3 Bd7 8. Nc3
Ng4 9. Nf3 c6 10. h3 Nf6 11. dxc6 Nxc6 12. Nd5 Nxd5 13. exd5 Nd4 14. Nxd4 exd4
15. Bf4 Qa5+ 16. Bd2 Qxd5 17. O-O Bf5 18. Bxf5 Qxf5 19. Bb4 a5 20. Ba3 Qd5 21.
Re1 Bf6 22. Qd3 b5 23. b3 a4 24. Bb2 a3 25. Bc1 b4 26. Bf4 Rac8 27. Re4 Rc3 28.
Qa6 Qxe4 29. Bxd6 Re8 30. Bxb4 Rxc2 31. Qxa3 Ra8 32. Ba5 d3 33. Re1 Qxe1+ 34.
Kh2 Qxa5 0-1

[Event "AUTO-ADV-4788"]
[Site "http://www.queenalice.com/game.php?id=1842758"]
[Date "2024.8.30"]
[Round "2"]
[White "marcoswerneck"]
[Black "Capixabba789"]
[Result "1-0"]
[WhiteElo "1908"]
[BlackElo "1990"]

1. e4 e5 2. d3 Bc5 3. Nf3 Nf6 4. Nxe5 O-O 5. g4 d5 6. g5 Bxf2+ 7. Kxf2 Nfd7 8.
Nf3 dxe4 9. dxe4 Nc6 10. Bf4 Nc5 11. Qxd8 Nxd8 12. Nc3 Re8 13. Bd3 Nde6 14. Be3
Nxd3+ 15. cxd3 Bd7 16. h4 a6 17. h5 Rad8 18. a4 Bc6 19. Rad1 a5 20. Ne5 Rd6 21.
g6 fxg6 22. hxg6 hxg6 23. Nxg6 Kf7 24. Ne5+ Ke7 25. Rh7 Rf8+ 26. Ke2 Kd8 27. Rf1
Rxf1 28. Kxf1 b6 29. Nf7+ 1-0

[Event "AUTO-ADV-4788"]
[Site "http://www.queenalice.com/game.php?id=1842761"]
[Date "2024.8.30"]
[Round "2"]
[White "marcoswerneck"]
[Black "avieytoa"]
[Result "0-1"]
[WhiteElo "1922"]
[BlackElo "1889"]

1. e4 e5 2. d3 Nc6 3. a3 Nf6 4. Be3 Be7 5. h3 O-O 6. g4 h6 7. h4 d6 8. g5 Nh7 9.
gxh6 g6 10. Nf3 Bg4 11. Be2 Bxf3 12. Bxf3 Bxh4 13. Nd2 Be7 14. Qe2 a6 15. Rg1
Nd4 16. Bxd4 exd4 17. O-O-O Rb8 18. e5 dxe5 19. Bh5 Bf6 20. Ne4 Ng5 21. Nxf6+
Qxf6 22. Bg4 Kh7 23. Rh1 c5 24. Rdg1 b5 25. Qd1 Qf4+ 26. Kb1 e4 27. f3 e3 28.
Qe2 f5 29. Bh3 Nxf3 30. Rg2 a5 31. Ka1 Nh4 32. Rgg1 Qxh6 33. Bf1 g5 34. Bg2 Kg7
35. Bd5 Kf6 36. Qe1 f4 37. Qxa5 Ke5 38. Be4 Rg8 39. Qc7+ Qd6 40. Qxd6+ Kxd6 41.
b3 f3 42. Bxf3 Nxf3 43. Rh6+ Kd5 44. Kb2 Nxg1 0-1

[Event "AUTO-ADV-4788"]
[Site "http://www.queenalice.com/game.php?id=1842762"]
[Date "2024.8.30"]
[Round "2"]
[White "avieytoa"]
[Black "marcoswerneck"]
[Result "1-0"]
[WhiteElo "1861"]
[BlackElo "1927"]

1. e4 e5 2. Nf3 d6 3. Bc4 h6 4. Nc3 a6 5. d3 Qe7 6. Nd5 Qd7 7. O-O Be7 8. Be3
Nf6 9. Nxe7 Qxe7 10. h3 Nc6 11. a3 g5 12. Nh2 Bd7 13. b4 Nd4 14. c3 Nb5 15. Qd2
g4 16. h4 g3 17. fxg3 O-O-O 18. a4 Na7 19. Bxa7 b6 20. Bxa6# 1-0

[Event "AUTO-ADV-4814"]
[Site "http://www.queenalice.com/game.php?id=1844051"]
[Date "2024.9.21"]
[Round "1"]
[White "mvson33"]
[Black "marcoswerneck"]
[Result "0-1"]
[WhiteElo "1772"]
[BlackElo "1905"]

1. d4 d5 2. Nf3 e6 3. g3 h6 4. Bg2 Nc6 5. O-O g5 6. b3 g4 7. Nfd2 h5 8. Bb2 h4
9. c4 hxg3 10. fxg3 f5 11. e3 Be7 12. Nc3 Bh4 13. Ne2 Bxg3 14. hxg3 Nf6 15. Nf4
Rh6 16. cxd5 Nb4 17. dxe6 Qe7 18. Nc4 c6 19. Ba3 a5 20. Qd2 Ne4 0-1

[Event "AUTO-ADV-4814"]
[Site "http://www.queenalice.com/game.php?id=1844052"]
[Date "2024.9.21"]
[Round "1"]
[White "marcoswerneck"]
[Black "mvson33"]
[Result "1-0"]
[WhiteElo "1925"]
[BlackElo "1780"]

1. e4 c5 2. d3 Nc6 3. Nf3 d6 4. Be2 Nf6 5. h3 g6 6. Be3 Bg7 7. a3 O-O 8. g4 Bd7
9. Nc3 a6 10. Qd2 Rc8 11. Rg1 Qc7 12. Nd5 Nxd5 13. exd5 Ne5 14. Nxe5 Bxe5 15. c3
Bg7 16. h4 b5 17. Bh6 Qb7 18. Bf3 Rc7 19. Bxg7 Kxg7 20. g5 Rfc8 21. h5 c4 22. d4
Bf5 23. Bg4 Qxd5 24. Bxf5 Qxf5 25. hxg6 hxg6 26. f4 Qe4+ 27. Kf2 Rh8 28. Rg2 Rh3
29. Qe2 Qxe2+ 30. Kxe2 Rc8 31. Rf1 Rch8 32. Rf3 Rh2 33. Rff2 Rxg2 34. Rxg2 Rh4
35. Kf3 f6 36. gxf6+ exf6 37. Ke4 g5 38. Kd5 Rxf4 39. Kxd6 Kg6 40. Kc6 g4 41. d5
Kf7 42. d6 Ke8 43. Kc7 1-0

[Event "AUTO-ADV-4814"]
[Site "http://www.queenalice.com/game.php?id=1844065"]
[Date "2024.9.21"]
[Round "1"]
[White "maurice916"]
[Black "marcoswerneck"]
[Result "1-0"]
[WhiteElo "1769"]
[BlackElo "1894"]

1. Nf3 d6 2. b3 e5 3. d3 h6 4. Bb2 Be6 5. e4 Nc6 6. Nbd2 Be7 7. Be2 Nf6 8. O-O
g5 9. h3 g4 10. hxg4 Nxg4 11. Nh2 Nxh2 12. Kxh2 Qd7 13. f4 f5 14. Bh5+ Bf7 15.
Bxf7+ Kxf7 16. fxe5 dxe5 17. Rxf5+ Bf6 18. Qh5+ Ke6 19. Raf1 Raf8 20. Nc4 Qe7
21. Bxe5 Bg5 22. Bxh8 Rxh8 23. Rf7 1-0

[Event "AUTO-ADV-4814"]
[Site "http://www.queenalice.com/game.php?id=1844066"]
[Date "2024.9.21"]
[Round "1"]
[White "marcoswerneck"]
[Black "maurice916"]
[Result "1/2-1/2"]
[WhiteElo "1909"]
[BlackElo "1965"]

1. e4 c6 2. d3 d5 3. Be2 dxe4 4. dxe4 Nd7 5. Be3 e6 6. Nc3 b6 7. Nf3 Bb7 8. a3
e5 9. Qd2 Ngf6 10. h3 Qc7 11. Ng5 h6 12. Nf3 O-O-O 13. b4 Kb8 14. O-O c5 15. b5
Nxe4 16. Nxe4 Bxe4 17. a4 g5 18. a5 Bg7 19. axb6 Nxb6 20. Qa5 Rd7 21. Rfd1 Rhd8
22. Rxd7 Rxd7 23. Nd2 Bxc2 24. Nc4 Nxc4 25. Bxc4 Qxa5 26. Rxa5 Be4 27. Bxc5 Ba8
28. b6 Bc6 29. bxa7+ Ka8 30. Ra1 e4 31. Rb1 Be5 32. g3 h5 33. Be3 f6 34. Bb5
Bxb5 35. Rxb5 Rd8 36. Kg2 Bd4 37. Ra5 Bxe3 38. fxe3 Rd6 39. Ra2 f5 40. Kf2 Rd5
41. Ke2 g4 42. h4 Rb5 43. Kd2 Rd5+ 44. Ke2 Rd7 45. Ra5 Rf7 46. Kd2 Rf6 47. Ke2
Rf7 48. Kd2 Rd7+ 49. Ke2 Rf7 1/2-1/2

[Event "AUTO-ADV-4814"]
[Site "http://www.queenalice.com/game.php?id=1844073"]
[Date "2024.9.21"]
[Round "1"]
[White "ALDROB"]
[Black "marcoswerneck"]
[Result "0-1"]
[WhiteElo "1767"]
[BlackElo "1873"]

1. d4 d5 2. c4 e6 3. Nc3 Bb4 4. Qc2 Nc6 5. e3 Bd7 6. Bd3 Nf6 7. Ne2 Qe7 8. O-O
Bxc3 9. bxc3 g5 10. f4 h6 11. f5 e5 12. a4 g4 13. Ba3 Qd8 14. Rae1 e4 15. cxd5
Nxd5 16. Bxe4 Nxe3 17. Qd3 Nxf1 18. Kxf1 Qf6 19. Kg1 h5 20. Ng3 h4 21. Bxc6+ Kd8
22. Be7+ Qxe7 23. Rxe7 Kxe7 24. Bxd7 Kxd7 25. Ne4 Ke7 26. c4 b6 27. d5 a6 28.
f6+ Kd7 29. Ng5 Raf8 30. Qf5+ Kd6 31. Qxg4 h3 32. Qf4+ Kd7 33. Nxh3 Rfg8 34. Kf2
Rg6 35. a5 Rhh6 36. axb6 Rxf6 37. bxc7 Rxf4+ 38. Nxf4 Kxc7 39. Kg3 Kd6 40. Nd3
Rh8 41. h4 a5 42. Nb2 Rb8 43. Nd1 a4 44. Nc3 Rb3 0-1

[Event "AUTO-ADV-4814"]
[Site "http://www.queenalice.com/game.php?id=1844074"]
[Date "2024.9.21"]
[Round "1"]
[White "marcoswerneck"]
[Black "ALDROB"]
[Result "0-1"]
[WhiteElo "1916"]
[BlackElo "1758"]

1. e4 e5 2. d3 Nf6 3. h3 Nc6 4. a3 Bc5 5. Qe2 O-O 6. g4 d6 7. Nc3 Re8 8. g5 Nd7
9. Nf3 f6 10. h4 Nf8 11. h5 Bg4 12. gxf6 Qxf6 13. Bg2 Nd4 14. Nd5 Nxf3+ 15. Bxf3
Qxf3 16. Qxf3 Bxf3 17. Nxc7 Bxh1 18. Nxa8 Rxa8 19. Bd2 Nd7 20. O-O-O Bf3 21. Rg1
Rf8 22. Be3 Bxe3+ 23. fxe3 Nf6 0-1

[Event "AUTO-ADV-4820"]
[Site "http://www.queenalice.com/game.php?id=1845561"]
[Date "2024.10.16"]
[Round "1"]
[White "zmanomega"]
[Black "marcoswerneck"]
[Result "0-1"]
[WhiteElo "1778"]
[BlackElo "1945"]

1. e4 e5 2. Nf3 d6 3. Bc4 h6 4. d4 Be7 5. Bd5 c6 6. Bb3 Nf6 7. Qd3 Bd7 8. dxe5
dxe5 9. Nxe5 Qa5+ 10. Bd2 Qxe5 11. Nc3 Be6 12. O-O-O Bxb3 13. cxb3 O-O 14. f3
Nbd7 15. f4 Qc7 16. g3 Ng4 17. Rdf1 Bc5 18. Qe2 Ngf6 19. e5 Nd5 20. h4 a5 21. a4
b5 22. axb5 Nxc3 23. bxc3 a4 24. b4 Bb6 25. bxc6 Qxc6 26. Kc2 a3 27. Ra1 a2 28.
Kd1 Qd5 29. Rh2 Qb3+ 30. Ke1 Qb1+ 0-1

[Event "AUTO-ADV-4820"]
[Site "http://www.queenalice.com/game.php?id=1845562"]
[Date "2024.10.16"]
[Round "1"]
[White "marcoswerneck"]
[Black "zmanomega"]
[Result "1-0"]
[WhiteElo "1949"]
[BlackElo "1752"]

1. e4 e5 2. d3 Nc6 3. a3 Bc5 4. Nf3 f6 5. Qe2 d5 6. Qd2 Bg4 7. Be2 dxe4 8. dxe4
Nd4 9. Nxd4 Bxd4 10. Bxg4 Ne7 11. Qd3 h5 12. Bf5 Nxf5 13. exf5 Qd5 14. Rg1 O-O-O
15. Qe2 e4 16. c3 Bb6 17. Nd2 Qxf5 18. h3 Rde8 19. Nc4 Bc5 20. Be3 Bxe3 21. Nxe3
Qe6 22. c4 Rd8 23. Rd1 Rde8 24. Qc2 f5 25. Ke2 f4 26. Nd5 Rhf8 27. g3 f3+ 28.
Kf1 Qxh3+ 29. Ke1 c6 30. Ne3 Qh2 31. Rf1 g5 32. Kd2 g4 33. Kc1 Rd8 34. Rxd8+
Rxd8 35. Kb1 Re8 36. c5 h4 37. Nxg4 Qg2 38. Ne3 Qh3 39. gxh4 Qxh4 40. Nf5 Qh8
41. Nd6+ Kb8 42. Nxe8 Qxe8 43. Qc3 a6 44. Rh1 Ka7 45. Qb4 Qg6 46. Qb6+ 1-0

[Event "AUTO-ADV-4820"]
[Site "http://www.queenalice.com/game.php?id=1845575"]
[Date "2024.10.16"]
[Round "1"]
[White "juim"]
[Black "marcoswerneck"]
[Result "0-1"]
[WhiteElo "1705"]
[BlackElo "1925"]

1. e4 e5 2. d4 Be7 3. d5 d6 4. Nf3 a6 5. Be3 h6 6. Nc3 Nf6 7. Qd2 c6 8. dxc6
Nxc6 9. O-O-O b5 10. Nd5 Nxd5 11. c4 Nxe3 12. fxe3 O-O 13. g3 b4 14. Bd3 a5 15.
h4 Bg4 16. b3 Bxf3 17. Rdf1 Bxh1 18. Rxh1 a4 19. Bc2 axb3 20. Bxb3 Na5 21. Bd1
Nxc4 22. Qxb4 Qa5 23. Qxa5 Rxa5 24. Bb3 Nxe3 25. Rh3 Ng4 26. Bd5 Rc5+ 27. Kd2
Rb5 28. Kc3 Rc8+ 29. Kd3 Nf2+ 0-1

[Event "AUTO-ADV-4820"]
[Site "http://www.queenalice.com/game.php?id=1845576"]
[Date "2024.10.16"]
[Round "1"]
[White "marcoswerneck"]
[Black "juim"]
[Result "1-0"]
[WhiteElo "1957"]
[BlackElo "1624"]

1. e4 d5 2. e5 Nc6 3. d4 e6 4. c3 Bd7 5. Nf3 Qe7 6. a3 O-O-O 7. b4 g6 8. a4 Nh6
9. h3 Bg7 10. a5 a6 11. b5 Nxa5 12. bxa6 b6 13. Bd2 Kb8 14. Be2 Nf5 15. Rxa5 Ka7
16. Ra1 c5 17. O-O c4 18. Na3 Nh4 19. Qb1 g5 20. Kh1 f6 21. Nb5+ Bxb5 22. Qxb5
Qe8 23. Qxe8 Rdxe8 24. Nxh4 gxh4 25. Rfb1 Rb8 26. Rb5 fxe5 27. Be3 Bf6 28. f4
exf4 29. Bxf4 Rbf8 30. Bc7 Bd8 31. Bd6 Rf2 32. Bf3 Rg8 33. Rab1 Kxa6 34. R5b2
Rxb2 35. Rxb2 h6 36. Bg4 Rg6 37. Re2 Bg5 38. Bc7 Kb7 39. Bd6 Kc6 40. Be5 Be7 41.
Bh5 Rg5 42. Be8+ Kb7 43. Bf7 Rf5 44. Bxe6 Rf1+ 45. Kh2 b5 46. Bxd5+ Kb6 47. Bg7
Bg5 48. Re6+ Ka5 49. Bxh6 Bd8 50. g3 Bc7 51. Bf4 Bd8 52. Bg2 Rf2 53. Rh6 hxg3+
54. Kxg3 Rc2 55. Rh8 Rxc3+ 56. Kg4 Bb6 57. Bd2 b4 58. Bxc3 Ka4 59. Ra8+ Kb3 60.
Ba1 c3 61. Bd5+ Kc2 62. Rb8 Bc7 63. Rxb4 Kd3 64. Kf3 Bd6 65. Rc4 c2 66. Be4+ Kd2
67. Rxc2+ Ke1 68. Kg2 Kd1 69. d5 Ke1 70. Bf3 Bf4 71. Bc3+ 1-0

[Event "AUTO-ADV-4825"]
[Site "http://www.queenalice.com/game.php?id=1847140"]
[Date "2024.11.13"]
[Round "1"]
[White "marcoswerneck"]
[Black "Carlos19"]
[Result "1-0"]
[WhiteElo "1950"]
[BlackElo "1630"]

1. e4 e5 2. d3 Bc5 3. Nf3 d6 4. a3 Nf6 5. Nc3 Bg4 6. h3 Bxf3 7. gxf3 Nc6 8. Be3
Bxe3 9. fxe3 O-O 10. f4 a6 11. f5 b5 12. Nd5 h6 13. Rg1 Nxd5 14. exd5 Na5 15.
Qg4 Qf6 16. e4 c5 17. O-O-O b4 18. a4 Rab8 19. b3 Kh7 20. Be2 Qg5+ 21. Qxg5 hxg5
22. Rxg5 g6 23. fxg6+ fxg6 24. h4 Rf4 25. h5 gxh5 26. Bxh5 Kh6 27. Rdg1 Rh4 28.
Rg6+ Kxh5 29. R1g5# 1-0

[Event "AUTO-ADV-4804"]
[Site "http://www.queenalice.com/game.php?id=1847205"]
[Date "2024.11.14"]
[Round "2"]
[White "marcoswerneck"]
[Black "Rafale2000"]
[Result "0-1"]
[WhiteElo "1960"]
[BlackElo "2105"]

1. e4 Nf6 2. d3 e5 3. a3 d5 4. c3 dxe4 5. Bg5 exd3 6. Bxf6 Qxf6 7. Qxd3 Nc6 8.
Be2 Bf5 9. Qd1 Rd8 10. Qc1 Bc5 11. b4 Bxf2+ 12. Kf1 Bxb1 13. Rxb1 Be3+ 0-1